000 01150cam a2200313 i 4500
001 63356
003 Mx-PuUPA
005 20220613122920.0
008 150821s2016 mx d gr 000 0 spa d
020 _a9786070280740
040 _cMx-PuUPA
_bspa
_eMx-PuUPA
_dMx-PuUPA
_arda
041 0 _aspa
245 1 0 _aAntropología médica e interculturalidad /
_cRoberto Campos-Navarro, coordinador
250 _aPrimera edición
264 1 _aCiudad de México :
_bUniversidad Nacional Autónoma de México,
_c2016
300 _axxi, 506 páginas :
_bgráficas ;
_c24 cm.
336 _atexto
_2rdacontent
_btxt
337 _asin medio
_2rdamedia
_bn
338 _avolumen
_2rdacarrier
_bnc
650 7 _2armarc
_aAntropología médica
_zMéxico
650 7 _2armarc
_aAntropología médica
_zAmérica Latina
650 7 _2armarc
_aMulticulturalismo
_zMéxico
650 7 _2armarc
_aMulticulturalismo
_zAmérica Latina
650 7 _2armarc
_aMedicina integrativa
_zMéxico
700 1 _912747
_aCampos Navarro, Roberto,
_d1951-
_ecoordinador
942 _2ddc
_cLI
_h306.4610972
_iA627
999 _c63356
_d63356